000
00220 a2200097 4500
001
15112
100
_a
Ingram David
245
_a
The communist eco challenge
260
_a
London
_b
George Allen
_c
090
_c
11862
_d
11862
942
_a
NUST-CAE
_c
M
_c
2072
999
_c
250185
_d
250185